Normal view
MARC view
- الفن- الثقافة الفنية - فن الاطفال - التربية الفنية
Entry Topical Term
001 - CONTROL NUMBER
- control field: 36438
003 - CONTROL NUMBER IDENTIFIER
- control field: JO-AjAnu
005 - DATE AND TIME OF LATEST TRANSACTION
- control field: 20230606080102.0
008 - FIXED-LENGTH DATA ELEMENTS
- fixed length control field: 230606|| aca||aabn | a|a d
040 ## - CATALOGING SOURCE
- Original cataloging agency: JO-AjAnu
- Transcribing agency: JO-AjAnu
150 ## - HEADING--TOPICAL TERM
- Topical term or geographic name entry element: الفن- الثقافة الفنية - فن الاطفال - التربية الفنية
670 ## - SOURCE DATA FOUND
- Source citation: Work cat.: (JO-AjAnu)18707: البسيوني، محمود تأليف, author 36437, الثقافة الفنية والتربية